[Event "Play for Durgesh Fundraiser Blitz"]
[Site "Vishy Anand Arena"]
[Date "2020.09.19"]
[Round "6"]
[White "Shivanthm"]
[Black "TOY 2"]
[Result "1-0"]
[WhiteElo "1552"]
[BlackElo "1636"]
[Annotator "NA"]
[PlyCount "61"]
[EventDate "2020.09.19"]
[EventType "swiss (blitz)"]

1. e4 c5 2. Nf3 d6 3. d4 cxd4 4. Nxd4 Nf6 5. Nc3 Nc6 6. Nb3 e6 7. f3 Be7 8. Be3 O-O 9. Qd2 d5 10. exd5 exd5 11. a3 Re8 12. O-O-O Be6 13. Nd4 a6 14. g4 Rc8 15. Kb1 b5 16. Nxc6 Rxc6 17. Na2 Qc7 18. Bd4 Rc8 19. Bd3 Nd7 20. Nb4 Bxb4 21. axb4 Nb6 22. b3 Qd6 23. Qg5 Qf8 24. h4 h6 25. Qf4 Qxb4 26. g5 Qf8 27. gxh6 gxh6 28. Rdg1+ Qg7 29. Qxh6 Qxg1+ 30. Rxg1+ Bg4 31. Qg7# 1-0

[Event "Play for Durgesh Fundraiser Blitz"]
[Site "Vishy Anand Arena"]
[Date "2020.09.19"]
[Round "6"]
[White "Sml_hari"]
[Black "Alan K thomas"]
[Result "1-0"]
[WhiteElo "1547"]
[BlackElo "1514"]
[Annotator "NA"]
[PlyCount "75"]
[EventDate "2020.09.19"]
[EventType "swiss (blitz)"]

1. d4 Nf6 2. c3 e6 3. Bf4 d5 4. e3 Bd6 5. Bg3 c6 6. Bd3 O-O 7. Nd2 Re8 8. f4 h6 9. Ngf3 Nbd7 10. Ne5 b6 11. O-O Bb7 12. Rc1 Bxe5 13. fxe5 Nh7 14. Qf3 Nhf8 15. Qxf7+ Kh8 16. Rf2 Qe7 17. Qh5 Qg5 18. Qe2 a5 19. Bf4 Qd8 20. Rcf1 Qe7 21. Qh5 Ba6 22. Bxh6 gxh6 23. Qxh6+ Kg8 24. Bxa6 Rxa6 25. Rf3 Qh7 26. Qg5+ Qg7 27. Qh4 Qh7 28. Qg3+ Qg7 29. Qh4 Qh7 30. Qf2 Re7 31. Rxf8+ Kg7 32. Rf7+ Rxf7 33. Qxf7+ Kh6 34. Qf4+ Kg6 35. Rf3 Qh6 36. Qf7+ Kg5 37. Rg3+ Kh4 38. Nf3# 1-0

[Event "Play for Durgesh Fundraiser Blitz"]
[Site "Vishy Anand Arena"]
[Date "2020.09.19"]
[Round "6"]
[White "Shreyansh1"]
[Black "Harshinianand"]
[Result "0-1"]
[WhiteElo "1546"]
[BlackElo "1569"]
[Annotator "NA"]
[PlyCount "38"]
[EventDate "2020.09.19"]
[EventType "swiss (blitz)"]

1. d4 Nf6 2. c4 e6 3. Nc3 d5 4. cxd5 exd5 5. Nf3 Be7 6. Bf4 Nbd7 7. e3 a6 8. Bd3 b5 9. O-O Bb7 10. Re1 O-O 11. e4 dxe4 12. Nxe4 c5 13. Nxf6+ Bxf6 14. Qc2 Bxf3 15. gxf3 Bxd4 16. Bxh7+ Kh8 17. Qf5 Qh4 18. Qxd7 Qxf2+ 19. Kh1 Qxf3# 0-1

[Event "Play for Durgesh Fundraiser Blitz"]
[Site "Vishy Anand Arena"]
[Date "2020.09.19"]
[Round "6"]
[White "Hmota"]
[Black "Manasa_chess lady"]
[Result "0-1"]
[WhiteElo "1541"]
[BlackElo "1797"]
[Annotator "NA"]
[PlyCount "94"]
[EventDate "2020.09.19"]
[EventType "swiss (blitz)"]

1. e4 e6 2. d4 d5 3. e5 c5 4. Nf3 Nc6 5. Bb5 Bd7 6. Bxc6 Bxc6 7. c3 Qb6 8. Be3 Qxb2 9. Nbd2 Qxc3 10. Rc1 Qa5 11. O-O c4 12. Nb1 Ne7 13. Nc3 Nf5 14. Re1 Nxe3 15. Rxe3 Bb4 16. Qd2 Bxc3 17. Qxc3 Qxc3 18. Rexc3 Kd7 19. Rb1 b5 20. Ng5 Ke7 21. Rf3 f6 22. Nh3 f5 23. Ng5 h6 24. Nh3 g5 25. Ra3 a5 26. Re3 b4 27. g3 Rhb8 28. f4 g4 29. Nf2 h5 30. h4 a4 31. Nd1 b3 32. axb3 axb3 33. Nc3 Ra3 34. Re2 b2 35. Rexb2 Rxb2 36. Rxb2 Rxc3 37. Kg2 Rd3 38. Rb6 Bd7 39. Rb7 Rxd4 40. Rb8 c3 41. Rb1 c2 42. Rc1 Ba4 43. Kf2 Rd1 44. Ke2 Rxc1 45. Kd2 Rd1+ 46. Ke2 c1=Q 47. Kf2 Qd2# 0-1

[Event "Play for Durgesh Fundraiser Blitz"]
[Site "Vishy Anand Arena"]
[Date "2020.09.19"]
[Round "6"]
[White "Ravs_rams"]
[Black "Srivishva"]
[Result "0-1"]
[WhiteElo "1541"]
[BlackElo "1658"]
[Annotator "NA"]
[PlyCount "60"]
[EventDate "2020.09.19"]
[EventType "swiss (blitz)"]

1. e4 e5 2. Nf3 d6 3. h3 Nc6 4. d4 exd4 5. Nxd4 Nxd4 6. Qxd4 Qf6 7. Qd1 Be7 8. Nc3 Be6 9. Bd3 Nh6 10. Nb5 Bd8 11. O-O O-O 12. f4 Qe7 13. f5 Bd7 14. Bxh6 gxh6 15. Rf4 Kh8 16. Rg4 c6 17. Nc3 Bb6+ 18. Kh1 Rg8 19. Be2 Rxg4 20. Bxg4 Rg8 21. a4 Qg5 22. a5 h5 23. Bf3 Bc5 24. b4 Be3 25. Qd3 Bf4 26. g4 hxg4 27. Bxg4 Qh4 28. Qf3 Be5 29. Ra3 h5 30. Bxh5 Qe1+ 0-1

[Event "Play for Durgesh Fundraiser Blitz"]
[Site "Vishy Anand Arena"]
[Date "2020.09.19"]
[Round "6"]
[White "Gskaavya"]
[Black "Mraa"]
[Result "0-1"]
[WhiteElo "1540"]
[BlackElo "1474"]
[Annotator "NA"]
[PlyCount "62"]
[EventDate "2020.09.19"]
[EventType "swiss (blitz)"]

1. e4 c5 2. Nf3 d6 3. Bb5+ Bd7 4. Bxd7+ Qxd7 5. d4 cxd4 6. Qxd4 Nf6 7. c4 Nc6 8. Qd3 e6 9. Nc3 a6 10. O-O Be7 11. Bf4 O-O 12. Rfd1 Qc7 13. c5 e5 14. cxd6 Bxd6 15. Qxd6 Qxd6 16. Rxd6 exf4 17. Rc1 Rad8 18. Rxd8 Rxd8 19. e5 Ng4 20. Re1 h5 21. h3 Nh6 22. Ne4 Nf5 23. Nc5 Nfd4 24. Nxd4 Nxd4 25. Ne4 Ne6 26. Nd6 b5 27. Rc1 Rd7 28. Rc8+ Kh7 29. Rc6 Nd4 30. Rxa6 Ne2+ 31. Kf1 f3 0-1

[Event "Play for Durgesh Fundraiser Blitz"]
[Site "Vishy Anand Arena"]
[Date "2020.09.19"]
[Round "6"]
[White "SatvikCV"]
[Black "Chess98c"]
[Result "0-1"]
[WhiteElo "1540"]
[BlackElo "1494"]
[Annotator "NA"]
[PlyCount "52"]
[EventDate "2020.09.19"]
[EventType "swiss (blitz)"]

1. e4 e5 2. Nf3 Nc6 3. Bc4 Nf6 4. Ng5 d5 5. exd5 Na5 6. Bb5+ c6 7. dxc6 bxc6 8. Ba4 h6 9. Nf3 Bd6 10. Ke2 Ba6+ 11. Ke1 e4 12. Nd4 Qc7 13. Nf5 O-O 14. Nxd6 Qxd6 15. Nc3 Rad8 16. a3 Rfe8 17. b4 Nc4 18. Bb3 Qe5 19. Bxc4 Bxc4 20. Bb2 Qg5 21. Rg1 Qh4 22. g3 Qxh2 23. Rf1 Bxf1 24. Kxf1 Ng4 25. Qxg4 Rxd2 26. Ke1 Qxf2# 0-1

[Event "Play for Durgesh Fundraiser Blitz"]
[Site "Vishy Anand Arena"]
[Date "2020.09.19"]
[Round "6"]
[White "Aayush NPS"]
[Black "Kaushik kh"]
[Result "0-1"]
[WhiteElo "1533"]
[BlackElo "1568"]
[Annotator "NA"]
[PlyCount "142"]
[EventDate "2020.09.19"]
[EventType "swiss (blitz)"]

1. d4 d5 2. Nc3 Bf5 3. Nf3 Nf6 4. Bf4 e6 5. e3 Bd6 6. Nh4 Bxf4 7. Nxf5 exf5 8. exf4 O-O 9. Nb5 Re8+ 10. Be2 c6 11. Nc3 Ne4 12. Nxe4 Rxe4 13. f3 Rxf4 14. g3 Rxd4 15. Qxd4 Nd7 16. O-O-O Nf6 17. g4 fxg4 18. fxg4 Ne4 19. Bf3 Qg5+ 20. Rd2 c5 21. Qd3 Nf2 22. Qxd5 Nxh1 23. Qxg5 h6 24. Rd8+ Rxd8 25. Qxd8+ Kh7 26. Be4+ g6 27. Qd7 h5 28. Qxf7+ Kh8 29. gxh5 Nf2 30. Qh7+ Kxh7 31. hxg6+ Kg7 32. Bf5 Kf6 33. g7 Kxg7 34. Bc8 b6 35. Ba6 Kf6 36. Kd2 Kg5 37. Ke2 Ne4 38. Ke3 Nd6 39. Kf3 Nf5 40. c3 Nh4+ 41. Kg3 Nf5+ 42. Kh3 Nd6 43. b4 Ne4 44. bxc5 Nxc5 45. Be2 Kf4 46. Kg2 Ne4 47. Bf3 Nxc3 48. h4 Ne4 49. Bxe4 Kxe4 50. h5 Kf5 51. h6 Kg6 52. h7 Kh6 53. Kf3 Kg7 54. Ke4 Kxh7 55. Kd5 Kg7 56. Kc6 Kf6 57. a4 Ke5 58. a5 bxa5 59. Kb5 Kd6 60. Kxa5 Kc7 61. Ka6 Kb8 62. Ka5 Kb7 63. Kb5 a6+ 64. Ka5 Ka7 65. Kb4 Kb6 66. Ka4 a5 67. Ka3 Ka6 68. Ka4 Kb6 69. Kb3 Kb5 70. Ka3 a4 71. Kb2 Ka5 0-1

[Event "Play for Durgesh Fundraiser Blitz"]
[Site "Vishy Anand Arena"]
[Date "2020.09.19"]
[Round "6"]
[White "Prasadm"]
[Black "MirageFafnir"]
[Result "0-1"]
[WhiteElo "1531"]
[BlackElo "1864"]
[Annotator "NA"]
[PlyCount "86"]
[EventDate "2020.09.19"]
[EventType "swiss (blitz)"]

1. e4 g6 2. d4 Bg7 3. Nf3 d6 4. Nc3 a6 5. Bc4 b5 6. Bb3 e6 7. d5 e5 8. Bg5 Ne7 9. a4 b4 10. Na2 a5 11. O-O h6 12. Be3 g5 13. c3 bxc3 14. bxc3 Ba6 15. Re1 Nd7 16. c4 Ng6 17. Nc3 Nf4 18. Nb5 O-O 19. Rb1 Nf6 20. g3 Ng6 21. Qc1 Nxe4 22. c5 Bxb5 23. axb5 a4 24. Ba2 Qf6 25. cxd6 cxd6 26. Nd2 Nxd2 27. Qxd2 Kh8 28. b6 Rg8 29. b7 Rab8 30. Ba7 Qf3 31. Bxb8 Nf4 32. gxf4 gxf4 33. Bxd6 Bf8+ 34. Kf1 Bxd6 35. Qc2 Qh3+ 36. Ke2 f3+ 37. Kd1 e4 38. Qxe4 Qd7 39. Qd4+ Rg7 40. b8=Q+ Bxb8 41. Rxb8+ Kh7 42. Bb1+ f5 43. Qf4 Qxd5+ 0-1

[Event "Play for Durgesh Fundraiser Blitz"]
[Site "Vishy Anand Arena"]
[Date "2020.09.19"]
[Round "6"]
[White "Aryn"]
[Black "Vishykrish"]
[Result "1-0"]
[WhiteElo "1530"]
[BlackElo "1164"]
[Annotator "NA"]
[PlyCount "83"]
[EventDate "2020.09.19"]
[EventType "swiss (blitz)"]

1. e4 e5 2. Nf3 Nc6 3. Bc4 h6 4. d3 Nf6 5. Nc3 Bc5 6. O-O d6 7. Re1 Bg4 8. Be3 b6 9. h3 Be6 10. a3 Bxc4 11. dxc4 O-O 12. Bxc5 bxc5 13. Qd2 Rb8 14. Rab1 Na5 15. Nd5 Nxc4 16. Nxf6+ Qxf6 17. Qc3 Nb6 18. Red1 Nd7 19. Rd5 c6 20. Rd2 Qe6 21. Rbd1 d5 22. exd5 cxd5 23. Rxd5 Nb6 24. Rxc5 Na4 25. Qc4 Nxc5 26. Qxc5 Rxb2 27. Nxe5 Qf5 28. Nd7 Re8 29. Qxf5 Rxc2 30. Qxc2 Rf8 31. Rb1 Re8 32. Rb8 Rxb8 33. Nxb8 g6 34. Qc7 Kg7 35. Qxa7 g5 36. Qb7 Kg6 37. a4 Kh5 38. a5 Kh4 39. a6 g4 40. hxg4 Kxg4 41. a7 Kf4 42. a8=Q 1-0

[Event "Play for Durgesh Fundraiser Blitz"]
[Site "Vishy Anand Arena"]
[Date "2020.09.19"]
[Round "6"]
[White "pranay20"]
[Black "Deer25"]
[Result "1-0"]
[WhiteElo "1525"]
[BlackElo "1480"]
[Annotator "NA"]
[PlyCount "103"]
[EventDate "2020.09.19"]
[EventType "swiss (blitz)"]

1. e4 e5 2. Nf3 Nc6 3. Bb5 a6 4. Ba4 Nf6 5. O-O Be7 6. Re1 b5 7. Bb3 d6 8. c3 O-O 9. h3 Nb8 10. d4 Bb7 11. Nbd2 Nbd7 12. Bc2 Re8 13. Nf1 Bf8 14. Ng3 g6 15. Bg5 h6 16. Be3 Bg7 17. Qd2 h5 18. Bh6 Kh7 19. Ng5+ Kg8 20. Bxg7 Kxg7 21. Bb3 d5 22. exd5 Bxd5 23. Bxd5 Nxd5 24. dxe5 Nxe5 25. Rad1 c6 26. Qd4 Qxg5 27. h4 Qe7 28. f4 f6 29. fxe5 fxe5 30. Qd3 Nf4 31. Qd7 Qxd7 32. Rxd7+ Kf8 33. Ne4 Nd5 34. Ng5 Re7 35. Rxe7 Kxe7 36. Rxe5+ Kf6 37. Re6+ Kg7 38. Rxc6 Ne3 39. Rc7+ Kf6 40. Rf7+ Ke5 41. Re7+ Kf6 42. Re6+ Kf5 43. Rxe3 Kf4 44. Rf3+ Kg4 45. Nf7 Kxh4 46. Ne5 g5 47. Ng6+ Kg4 48. Rf5 h4 49. Ne7 Rb8 50. Rd5 a5 51. Nc6 b4 52. Rd4+ 1-0

[Event "Play for Durgesh Fundraiser Blitz"]
[Site "Vishy Anand Arena"]
[Date "2020.09.19"]
[Round "6"]
[White "Saathwikthegreat"]
[Black "SidharthS"]
[Result "1-0"]
[WhiteElo "1521"]
[BlackElo "1597"]
[Annotator "NA"]
[PlyCount "87"]
[EventDate "2020.09.19"]
[EventType "swiss (blitz)"]

1. e4 c5 2. Nf3 d6 3. c3 Nf6 4. Bb5+ Bd7 5. Bxd7+ Nbxd7 6. Qc2 e6 7. d4 cxd4 8. cxd4 Rc8 9. Nc3 Be7 10. Bd2 O-O 11. O-O b5 12. Qb3 a6 13. Rac1 Nb6 14. Bg5 Nc4 15. Nd2 h6 16. Be3 Nxe3 17. fxe3 Ng4 18. Rf3 Bg5 19. Nf1 Qb6 20. h3 Nf6 21. a4 b4 22. Na2 Rxc1 23. Nxc1 Nxe4 24. Qd3 Rc8 25. Nb3 d5 26. Nfd2 Nxd2 27. Nxd2 a5 28. b3 Qc6 29. Nb1 Qc1+ 30. Kh2 Rc2 31. Rf1 Qb2 32. Rg1 h5 33. e4 Be7 34. exd5 Bd6+ 35. Kh1 exd5 36. Qf3 Rc3 37. Qf5 Rc2 38. Qf3 Bf8 39. Rf1 Rc3 40. Qxf7+ Kh7 41. Qxf8 Rxb3 42. Qf5+ Kg8 43. Re1 Rc3 44. Re8# 1-0

[Event "Play for Durgesh Fundraiser Blitz"]
[Site "Vishy Anand Arena"]
[Date "2020.09.19"]
[Round "6"]
[White "Sarvad64squares"]
[Black "Aneesh009"]
[Result "0-1"]
[WhiteElo "1521"]
[BlackElo "1677"]
[Annotator "NA"]
[PlyCount "80"]
[EventDate "2020.09.19"]
[EventType "swiss (blitz)"]

1. e4 e5 2. Nf3 Nc6 3. Bb5 Nf6 4. O-O d6 5. Re1 Be7 6. h3 O-O 7. d4 exd4 8. Bxc6 bxc6 9. Nxd4 Bb7 10. Nc3 c5 11. Nb3 h6 12. Bf4 a5 13. Nd2 Re8 14. Nc4 Bf8 15. Qd2 Nxe4 16. Nxe4 Rxe4 17. Rxe4 Bxe4 18. Re1 Bg6 19. Ne3 Qf6 20. Nc4 Bxc2 21. Qxc2 Qxf4 22. a4 Qd4 23. Ne3 Rb8 24. b3 Qb4 25. Rb1 Be7 26. Nd5 Qd4 27. Nxe7+ Kh8 28. Nc6 Qb4 29. Nxb8 Qxb8 30. Qc4 Kg8 31. Re1 Qd8 32. Qe4 Qf6 33. Qe8+ Kh7 34. Qe4+ g6 35. Qe7 Qg7 36. Qxc7 Kg8 37. Re8+ Kh7 38. Kh2 Qf6 39. Re2 Qf4+ 40. Kg1 Qh2+ 0-1

[Event "Play for Durgesh Fundraiser Blitz"]
[Site "Vishy Anand Arena"]
[Date "2020.09.19"]
[Round "6"]
[White "Sparsh gupta"]
[Black "Abdulkalam25677853"]
[Result "0-1"]
[WhiteElo "1518"]
[BlackElo "1651"]
[Annotator "NA"]
[PlyCount "148"]
[EventDate "2020.09.19"]
[EventType "swiss (blitz)"]

1. e4 c5 2. c3 d6 3. d4 cxd4 4. cxd4 e6 5. Nc3 Ne7 6. Nf3 g6 7. Be2 Bg7 8. Be3 O-O 9. Qd2 a6 10. Bh6 b5 11. Bxg7 Kxg7 12. a3 Bb7 13. O-O Nd7 14. Ng5 h6 15. Nf3 f5 16. exf5 exf5 17. Rfe1 Nf6 18. Rad1 Ned5 19. Nxd5 Bxd5 20. Rc1 Ne4 21. Qc2 Rc8 22. Qb1 Rxc1 23. Rxc1 Qd7 24. Bd3 Re8 25. Qc2 Nf6 26. Qc7 Re7 27. Qxd7 Rxd7 28. Nd2 Re7 29. f3 Ne8 30. Kf2 Nc7 31. Re1 Rxe1 32. Kxe1 Kf6 33. Kf2 Bc6 34. f4 Ne6 35. g3 Nxd4 36. Ke3 Ne6 37. Nb3 Bb7 38. Nd4 Nxd4 39. Kxd4 Ke6 40. b4 g5 41. Bc2 gxf4 42. gxf4 Kf6 43. Bd1 Be4 44. Ke3 Ke6 45. Kd4 Kd7 46. Be2 Kc6 47. Bd1 Kb6 48. Bb3 a5 49. Bd1 axb4 50. axb4 Kc7 51. Bh5 Kd7 52. Bd1 Ke7 53. Be2 Bc6 54. Bd1 Kf6 55. Be2 Kg6 56. Bd1 h5 57. Be2 h4 58. Bd1 Kh6 59. Be2 Be8 60. Kd5 Bh5 61. Bd3 Bf7+ 62. Kxd6 Bc4 63. Bc2 Kh5 64. Ke5 Kg6 65. Bxf5+ Kh5 66. Be4 h3 67. f5 Kg4 68. f6 Kg5 69. f7 Bxf7 70. Bc6 Bc4 71. Bd7 Kh4 72. Ke4 Kg5 73. Kf3 Kf6 74. Kg3 Be6 0-1

[Event "Play for Durgesh Fundraiser Blitz"]
[Site "Vishy Anand Arena"]
[Date "2020.09.19"]
[Round "6"]
[White "Sparsh gupta"]
[Black "skipper_chess"]
[Result "0-1"]
[WhiteElo "1518"]
[BlackElo "1640"]
[Annotator "NA"]
[PlyCount "52"]
[EventDate "2020.09.19"]
[EventType "swiss (blitz)"]

1. e4 c5 2. c3 Nf6 3. e5 Nd5 4. d4 cxd4 5. Nf3 Nc6 6. cxd4 e6 7. a3 a6 8. Bd3 b5 9. Bd2 Bb7 10. Nc3 Nxc3 11. Bxc3 Be7 12. O-O O-O 13. Bc2 Rc8 14. Qd3 g6 15. Bd2 Kg7 16. Qe3 Rh8 17. Qh6+ Kg8 18. Rad1 Qf8 19. Qe3 Bd8 20. Ng5 Ne7 21. Qh3 Rxc2 22. Bc3 Nf5 23. Ne4 Bxe4 24. g4 Qh6 25. gxf5 Qxh3 26. fxg6 Qg2# 0-1

[Event "Play for Durgesh Fundraiser Blitz"]
[Site "Vishy Anand Arena"]
[Date "2020.09.19"]
[Round "6"]
[White "ArkaCHESS"]
[Black "Sathvik_adiga11"]
[Result "0-1"]
[WhiteElo "1517"]
[BlackElo "1737"]
[Annotator "NA"]
[PlyCount "74"]
[EventDate "2020.09.19"]
[EventType "swiss (blitz)"]

1. Nf3 Nf6 2. g3 g6 3. Bg2 Bg7 4. O-O O-O 5. d3 d6 6. Nbd2 e5 7. e4 Nc6 8. Qe2 Ne7 9. c3 Ne8 10. Nc4 f5 11. Ncd2 Nf6 12. exf5 gxf5 13. Nh4 Ng6 14. Nxg6 hxg6 15. f4 Re8 16. Qf3 c6 17. Nc4 e4 18. dxe4 Nxe4 19. Qd3 d5 20. Bxe4 fxe4 21. Qe2 dxc4 22. Qxc4+ Be6 23. Qb4 Bd5 24. Be3 b5 25. Rad1 a5 26. Qc5 Qc8 27. b3 Be6 28. Bd4 Bxd4+ 29. Rxd4 Bf5 30. Rd6 Re6 31. Rfd1 e3 32. Rxe6 Qxe6 33. Re1 Re8 34. Kg2 Qe4+ 35. Kf1 Qf3+ 36. Kg1 Qf2+ 37. Kh1 Be4# 0-1

[Event "Play for Durgesh Fundraiser Blitz"]
[Site "Vishy Anand Arena"]
[Date "2020.09.19"]
[Round "6"]
[White "Saksham2103"]
[Black "AshokJV"]
[Result "1-0"]
[WhiteElo "1512"]
[BlackElo "1250"]
[Annotator "NA"]
[PlyCount "22"]
[EventDate "2020.09.19"]
[EventType "swiss (blitz)"]

1. e4 e5 2. Nf3 Nc6 3. Bc4 Nf6 4. Nc3 Bc5 5. O-O O-O 6. d3 d6 7. h3 Be6 8. Bxe6 fxe6 9. Na4 Bb6 10. Nxb6 a6 11. Nxa8 Qxa8 1-0

[Event "Play for Durgesh Fundraiser Blitz"]
[Site "Vishy Anand Arena"]
[Date "2020.09.19"]
[Round "6"]
[White "Danish2009"]
[Black "Onkar Charpilwar"]
[Result "0-1"]
[WhiteElo "1511"]
[BlackElo "1328"]
[Annotator "NA"]
[PlyCount "60"]
[EventDate "2020.09.19"]
[EventType "swiss (blitz)"]

1. e4 c5 2. Nf3 d6 3. d4 cxd4 4. Nxd4 Nf6 5. Nc3 e5 6. Nf3 Be6 7. Bb5+ Nbd7 8. Bxd7+ Bxd7 9. O-O h6 10. Nd5 Nxd5 11. Qxd5 Be7 12. b3 Bc6 13. Qd3 O-O 14. c4 a6 15. Bb2 Bf6 16. Rad1 Be7 17. Qe3 f5 18. Nxe5 dxe5 19. Rxd8 Raxd8 20. exf5 Rxf5 21. Bxe5 Rg5 22. Bg3 Re8 23. Re1 Bd6 24. Qxe8+ Bxe8 25. Rxe8+ Kh7 26. Bxd6 Ra5 27. a4 b5 28. cxb5 axb5 29. axb5 Ra1+ 30. Re1 Rxe1# 0-1

[Event "Play for Durgesh Fundraiser Blitz"]
[Site "Vishy Anand Arena"]
[Date "2020.09.19"]
[Round "6"]
[White "TejusD"]
[Black "Abhishek20082000"]
[Result "0-1"]
[WhiteElo "1511"]
[BlackElo "1403"]
[Annotator "NA"]
[PlyCount "64"]
[EventDate "2020.09.19"]
[EventType "swiss (blitz)"]

1. c4 e6 2. e3 d5 3. Nc3 c6 4. cxd5 exd5 5. Nf3 Bg4 6. d4 Nf6 7. Be2 Bd6 8. h3 Bh5 9. g4 Bg6 10. h4 Be4 11. g5 Nh5 12. Rg1 g6 13. b3 Ng7 14. a4 Nf5 15. Bd3 Bb4 16. Bb2 Qa5 17. Rc1 Nd7 18. Ne5 Nxe5 19. dxe5 O-O-O 20. f4 Nxe3 21. Qd2 Bxd3 22. Qxd3 d4 23. Ke2 dxc3 24. Bxc3 Rxd3 25. Kxd3 Nd5 26. Bxb4 Nxb4+ 27. Ke2 Qa6+ 28. Kd1 Rd8+ 29. Ke1 Qd3 30. Kf2 Qd2+ 31. Kg3 Rd3+ 32. Kg4 Qe2# 0-1

[Event "Play for Durgesh Fundraiser Blitz"]
[Site "Vishy Anand Arena"]
[Date "2020.09.19"]
[Round "6"]
[White "ArkaCHESS"]
[Black "Neevptl"]
[Result "0-1"]
[WhiteElo "1510"]
[BlackElo "1915"]
[PlyCount "120"]
[EventDate "2020.09.19"]
[EventType "swiss (blitz)"]

1. Nf3 Nf6 2. g3 g6 3. Bg2 Bg7 4. O-O d6 5. d3 O-O 6. Nbd2 e5 7. e4 Nbd7 8. Qe2 c6 9. Re1 Nh5 10. c3 f5 11. Nh4 f4 12. g4 Qxh4 13. gxh5 Nf6 14. hxg6 hxg6 15. Nf3 Qh5 16. Nd2 Bg4 17. Bf3 Kf7 18. Bxg4 Nxg4 19. Nf3 Rh8 20. h4 Bf6 21. Kg2 Bxh4 22. Rh1 g5 23. Nxh4 gxh4 24. Kh3 Rag8 25. Bd2 Qg6 26. Rag1 f3 27. Qxf3+ Qf6 28. Qxf6+ Nxf6 29. Rxg8 Rxg8 30. Kxh4 Rh8+ 31. Kg3 Rxh1 32. Bg5 Kg6 33. f4 exf4+ 34. Bxf4 Nh5+ 35. Kf3 Nxf4 36. Kxf4 Rh2 37. e5 Rxb2 38. exd6 Kf6 39. c4 Ke6 40. c5 Rb4+ 41. Ke3 b6 42. d4 bxc5 43. dxc5 Rc4 44. Kd3 Rxc5 45. d7 Rd5+ 46. Ke4 Kxd7 47. a4 Kc7 48. a5 Kb7 49. a6+ Kxa6 50. Ke3 Ka5 51. Ke4 Kb4 52. Ke3 a5 53. Ke4 a4 54. Ke3 a3 55. Ke4 a2 56. Ke3 a1=Q 57. Ke4 Qd4+ 58. Kf3 Rf5+ 59. Ke2 Rf2+ 60. Ke1 Qd2# 0-1

[Event "Play for Durgesh Fundraiser Blitz"]
[Site "Vishy Anand Arena"]
[Date "2020.09.19"]
[Round "6"]
[White "Shreyansh1"]
[Black "Palakchaurasia"]
[Result "1-0"]
[WhiteElo "1510"]
[BlackElo "1467"]
[Annotator "NA"]
[PlyCount "55"]
[EventDate "2020.09.19"]
[EventType "swiss (blitz)"]

1. d4 d5 2. c4 dxc4 3. e3 Nf6 4. Bxc4 Nc6 5. Nf3 Bg4 6. O-O Bxf3 7. Qxf3 e6 8. Bb5 Qd7 9. b3 a6 10. Bd3 Bd6 11. Bb2 O-O 12. Nd2 e5 13. dxe5 Nxe5 14. Bxe5 Bxe5 15. Qe2 Qe6 16. Rad1 Nd5 17. Bc4 Qh6 18. Nf3 Nc3 19. Qd3 Nxd1 20. Nxe5 Rfe8 21. Nxf7 Qh5 22. Nd6+ Kf8 23. Nxe8 Kxe8 24. Rxd1 h6 25. Qd7+ Kf8 26. Rd4 Re8 27. Rf4+ Qf7 28. Qxf7# 1-0

[Event "Play for Durgesh Fundraiser Blitz"]
[Site "Vishy Anand Arena"]
[Date "2020.09.19"]
[Round "6"]
[White "arjuncnilambur"]
[Black "chessking2003 qw"]
[Result "0-1"]
[WhiteElo "1508"]
[BlackElo "1694"]
[Annotator "NA"]
[PlyCount "98"]
[EventDate "2020.09.19"]
[EventType "swiss (blitz)"]

1. e4 c5 2. d3 Nc6 3. Be3 d6 4. Be2 g6 5. Nf3 Bg7 6. c3 Nf6 7. O-O O-O 8. Re1 Rb8 9. h3 b5 10. a3 Qc7 11. Nbd2 b4 12. axb4 cxb4 13. Bf4 bxc3 14. bxc3 Nd7 15. c4 Bxa1 16. Qxa1 Nb4 17. Bh6 e5 18. Bxf8 Nc2 19. Qa4 Nxe1 20. Nxe1 Kxf8 21. Ndf3 Nc5 22. Qc2 Qa5 23. Kh2 Qb4 24. Qa2 a5 25. Nc2 Qa4 26. Qxa4 Nxa4 27. Na3 Bd7 28. Bd1 Nc3 29. Bc2 Rb2 30. d4 Ra2 31. Nb5 Bxb5 32. cxb5 Rxc2 33. dxe5 dxe5 34. Nxe5 Rxf2 35. b6 Rb2 36. Nc4 Rb4 37. Kg3 Nxe4+ 38. Kf3 Rxc4 39. b7 Rb4 40. b8=Q+ Rxb8 41. Kxe4 a4 42. Ke5 a3 43. g3 a2 44. g4 a1=Q+ 45. Kf4 Rb4+ 46. Kg5 Qe5+ 47. Kh4 Qe1+ 48. Kg5 f6+ 49. Kh6 Qh4# 0-1

[Event "Play for Durgesh Fundraiser Blitz"]
[Site "Vishy Anand Arena"]
[Date "2020.09.19"]
[Round "6"]
[White "Crazyintrovert"]
[Black "Prochamp27"]
[Result "1-0"]
[WhiteElo "1506"]
[BlackElo "1627"]
[Annotator "NA"]
[PlyCount "141"]
[EventDate "2020.09.19"]
[EventType "swiss (blitz)"]

1. e4 e5 2. Nf3 Nc6 3. g3 Nf6 4. Nc3 Bc5 5. Bg2 O-O 6. O-O d6 7. d3 Bg4 8. b3 Bb4 9. Bb2 Nd4 10. Nb1 Nxf3+ 11. Bxf3 Bxf3 12. Qxf3 Qe7 13. c3 Bc5 14. Qd1 d5 15. Nd2 Rad8 16. exd5 Nxd5 17. Qc2 h6 18. Nf3 Qf6 19. Kg2 Qg6 20. Rfe1 Bd6 21. Nh4 Qf6 22. c4 Rfe8 23. cxd5 Qe7 24. Nf3 Qf6 25. Rab1 Qf5 26. Qd1 e4 27. dxe4 Rxe4 28. Qd3 Rde8 29. Rxe4 Qxe4 30. Qxe4 Rxe4 31. Re1 f5 32. Rxe4 fxe4 33. Nd4 Kf7 34. Nb5 a6 35. Nxd6+ cxd6 36. Kf1 Kg6 37. Ke2 Kf5 38. h3 h5 39. Bxg7 b5 40. Bf8 Ke5 41. Ke3 Kxd5 42. Bh6 Ke5 43. Bf4+ Kd5 44. g4 hxg4 45. hxg4 Ke6 46. g5 Kf5 47. f3 d5 48. fxe4+ dxe4 49. b4 Ke6 50. Kxe4 Kd7 51. Be5 Ke6 52. g6 Ke7 53. g7 Kf7 54. Kf5 Kg8 55. Bf6 Kf7 56. Kg5 Kg8 57. Kf5 Kf7 58. a3 Kg8 59. Bd4 Kf7 60. Kg5 Kg8 61. Kh6 Kf7 62. Kh7 Ke6 63. g8=Q+ Kf5 64. Qg6+ Kf4 65. Bc5 Kf3 66. Kg7 Ke2 67. Kf6 Kd2 68. Ke5 Kc1 69. Qd3 Kb2 70. Bd4+ Ka2 71. Qc2+ 1-0

[Event "Play for Durgesh Fundraiser Blitz"]
[Site "Vishy Anand Arena"]
[Date "2020.09.19"]
[Round "6"]
[White "VenkChess"]
[Black "SidharthS"]
[Result "1-0"]
[WhiteElo "1505"]
[BlackElo "1620"]
[Annotator "NA"]
[PlyCount "65"]
[EventDate "2020.09.19"]
[EventType "swiss (blitz)"]

1. d4 Nf6 2. c4 g6 3. Nc3 Bg7 4. Bg5 O-O 5. e3 d6 6. Nf3 Nbd7 7. Be2 h6 8. Bh4 g5 9. Bg3 Nh5 10. Rc1 c6 11. Nd2 f5 12. Bxh5 e5 13. dxe5 dxe5 14. h3 f4 15. exf4 exf4 16. Bh2 Re8+ 17. Bxe8 Qxe8+ 18. Qe2 Ne5 19. O-O Bf5 20. Rfe1 Qf7 21. Nce4 Rd8 22. Nf3 Rd7 23. Nxe5 Bxe5 24. b3 Bg7 25. Rcd1 Re7 26. Rd8+ Kh7 27. Nxg5+ hxg5 28. Qxe7 Qxe7 29. Rxe7 Kg6 30. Rb8 Kf6 31. Rexb7 Bb1 32. Rxa7 Kf5 33. Rbb7 1-0

[Event "Play for Durgesh Fundraiser Blitz"]
[Site "Vishy Anand Arena"]
[Date "2020.09.19"]
[Round "6"]
[White "Namansati"]
[Black "Haldankardhruv"]
[Result "0-1"]
[WhiteElo "1503"]
[BlackElo "1756"]
[Annotator "NA"]
[PlyCount "100"]
[EventDate "2020.09.19"]
[EventType "swiss (blitz)"]

1. e4 c5 2. Nf3 a6 3. d4 cxd4 4. Nxd4 Nf6 5. Nc3 e5 6. Nb3 Bb4 7. Bd2 O-O 8. f3 Nc6 9. Nd5 Bxd2+ 10. Qxd2 Nxd5 11. exd5 Ne7 12. Bd3 d6 13. h4 f5 14. g4 fxg4 15. O-O-O Rxf3 16. Rhg1 Bd7 17. Be4 Rf4 18. Bd3 Rc8 19. Kb1 Kh8 20. Be2 Qc7 21. Rc1 Bf5 22. Bd3 Bxd3 23. Qxd3 Qc4 24. Qxc4 Rfxc4 25. Na5 R4c7 26. Rxg4 Nxd5 27. c3 Nf6 28. Rg2 e4 29. Re1 Re8 30. Rge2 Rce7 31. Nc4 d5 32. Nd6 Rd8 33. Nf5 Re5 34. Nd4 Rde8 35. Nf3 R5e7 36. Nd4 h6 37. Nf5 Re5 38. Nd4 Nh5 39. Nf3 R5e7 40. Nd4 Nf4 41. Re3 Ng2 42. R1e2 Nxe3 43. Rxe3 Rf7 44. Ne2 Rf1+ 45. Kc2 Rf3 46. Kb3 Rxe3 47. Ka4 Rxe2 48. Ka5 Rxb2 49. c4 dxc4 50. a4 Re5# 0-1